00666nam a22002057a 450000100060000000300090000600500170001500800410003202000150007304000380008808200160012610000230014224501110016526000390027630000280031549000310034350000200037460000480039470000180044218533BD-DhUAP20210130161313.0200311s1975 enk||||| |||| 001 0 eng d a0393092526 aBD-DhUAPbEngcBD-DhUAPdBD-DhUAP 223a810 MIL aMill, John Stuart. aOn Liberty :bannotated text sources and background criticism /cJohn Stuart Mill ; edited by David Spitz. aNew York :bW. W. Norton, cc1975. axi, 260 pages ;c21 cm. aA Norton critical edition. aIncludes index. aMill, John Stuart, d1806-1873vOn liberty. aSpitz, David.